Statistics for KRAJI_18 - Savinjska - JV del

Click here to take the quiz!

General Stats

  • This quiz has been taken 76 times
  • The average score is 9 of 10

Answers on the Map

Answers color-coded by a green-red scale on the quiz's map according to % correct below.
 

Answer Stats

Answer% Correct
Vojnik
98%
Andraž nad
Polzelo
95%
Marija Reka
95%
Prebold
95%
Rimske Toplice
95%
Slovenske
Konjice
95%
Polzela
93%
Šmartinsko j.
93%
Braslovče
89%
Dobrna
89%

Score Distribution

Percentile by Number Answered

Percent of People with Each Score

Your Score History

You have not taken this quiz